pierwiastki po liczbie atomowej #2 - Statystyki

Ogólne statystyki
  • Ten quiz został rozwiązany 17 razy
  • Średni wynik to 8 z 15
Statystyki odpowiedzi
liczba atomowa odpowiedź % Poprawnych
2 Hel
100%
19 Potas
79%
15 Fosfor
71%
22 Tytan
71%
118 Oganeson
64%
33 Arsen
57%
83 Bizmut
50%
76 Osm
50%
27 Kobalt
50%
34 Selen
50%
55 Cez
43%
100 Ferm
43%
42 Molibden
43%
95 Ameryk
36%
64 Gadolin
36%
Nie znaleziono quizów pasujących do podanych kryteriów
Rozkład punktacji
Procent ludzi z każdym wynikiem
Percentyl według liczby udzielonych odpowiedzi
Twoja historia wyników
Nie rozwiązałeś tego quizu